• AIU
  • Tony Wilmot Memorial Library

Understanding natural language / (Record no. 37493)

MARC details
000 -LEADER
fixed length control field 00527nam a22001811a 4500
003 - CONTROL NUMBER IDENTIFIER
control field NEGST
005 - DATE AND TIME OF LATEST TRANSACTION
control field 20110718132508.0
008 - FIXED-LENGTH DATA ELEMENTS--GENERAL INFORMATION
fixed length control field 030612s1972 nyu 001 0 eng d
020 ## - INTERNATIONAL STANDARD BOOK NUMBER
International Standard Book Number 127597506
100 1# - MAIN ENTRY--PERSONAL NAME
Personal name Winograd, Terry.
245 10 - TITLE STATEMENT
Title Understanding natural language /
Statement of responsibility, etc Terry Winograd.
Medium [Text]
260 ## - PUBLICATION, DISTRIBUTION, ETC. (IMPRINT)
Place of publication, distribution, etc New York
Name of publisher, distributor, etc Academic Press
Date of publication, distribution, etc 1972
300 ## - PHYSICAL DESCRIPTION
Extent ix, 195p : diagrs.
500 ## - GENERAL NOTE
General note Includes index.
590 ## - LOCAL NOTE (RLIN)
Local note Accession number: 19965
650 #0 - SUBJECT ADDED ENTRY--TOPICAL TERM
Topical term or geographic name as entry element Natural language processing (Computer science)
Holdings
Withdrawn status Lost status Source of classification or shelving scheme Damaged status Not for loan Collection code Home library Current library Shelving location Date acquired Source of acquisition Cost, normal purchase price Total Checkouts Full call number Barcode Date last seen Copy number Price effective from Koha item type
    Library of Congress Classification     General Circulation AIU/NEGST - Tony Wilmot Memorial Library AIU/NEGST - Tony Wilmot Memorial Library General Stacks 02/04/2010 D. 24.00   PE 1074.5.W54 1972 R06717A3232 09/26/2019 1 02/04/2010 Books